The menace of Japan. (Record no. 553069)
[ view plain ]
| 000 -LEADER | |
|---|---|
| fixed length control field | 00452cam a22001571 4500 |
| 082 ## - DEWEY DECIMAL CLASSIFICATION NUMBER | |
| Classification number | 952 |
| Author Mark | OCO |
| 100 1# - MAIN ENTRY--PERSONAL NAME | |
| Personal name | O'Conroy, Taid, |
| 9 (RLIN) | 50344 |
| 245 14 - TITLE STATEMENT | |
| Title | The menace of Japan. |
| 260 ## - PUBLICATION, DISTRIBUTION, ETC. | |
| Place of publication, distribution, etc. | New York, |
| Name of publisher, distributor, etc. | H.C. Kinsey & company, inc., |
| Date of publication, distribution, etc. | 1934. |
| 300 ## - PHYSICAL DESCRIPTION | |
| Extent | 294 p. |
| 526 ## - STUDY PROGRAM INFORMATION NOTE | |
| Program name | 0 |
| Interest level | 0 |
| Reading level | 0 |
| Title point value | 952_000000000000000_OCO |
| 650 #0 - SUBJECT ADDED ENTRY--TOPICAL TERM | |
| Topical term or geographic name entry element | Japanese |
| Geographic subdivision | China |
| -- | Manchuria. |
| 9 (RLIN) | 50345 |
| 650 #0 - SUBJECT ADDED ENTRY--TOPICAL TERM | |
| Topical term or geographic name entry element | MCE |
| 9 (RLIN) | 379 |
| 650 #0 - SUBJECT ADDED ENTRY--TOPICAL TERM | |
| Topical term or geographic name entry element | National characteristics, Japanese. |
| 9 (RLIN) | 50346 |
| 942 ## - ADDED ENTRY ELEMENTS (KOHA) | |
| Source of classification or shelving scheme | |
| Koha item type | Book |
| Withdrawn status | Lost status | Source of classification or shelving scheme | Damaged status | Not for loan | Permanent Location | Current Location | Shelving location | Date acquired | Total Checkouts | Full call number | Barcode | Date last seen | Price effective from | Koha item type |
|---|---|---|---|---|---|---|---|---|---|---|---|---|---|---|
| Military College of Engineering (MCE) | Military College of Engineering (MCE) | 01/29/2015 | 952 OCO | MCE-ECM .14 | 01/29/2015 | 01/29/2015 | Book |
